00273nam a2200109Ia 4500008004100000100001600041245003800057250000800095260003400103300000800137650001800145191201s2005 xx 000 0 und d aCOOPER, San 0aSelf Help to English Conversation a1st aN.DelhibPantagon Pressc2005 a200 aGeneral Books